000
00321nam a2200121Ia 4500
008
221030s9999 xx 000 0 und d
041
_a
English
100
_a
B. M. Chaturvedi
245
0
_a
Supply Chain Management - Efficiency & Performance Measurement
_c
by B. M. Chaturvedi
260
_c
0
650
_a
Mb
942
_c
BK
999
_c
16580
_d
16580